000 00346nam a2200145Ia 4500
008 230917s9999||||xx |||||||||||||| ||und||
040 _e153167
_aMAIN
041 _aEnglish
082 _a294.6 G747V
100 _aGuru Govind Singh
245 0 _aVichitra natak
260 _aDelhi
_bSanmarg Prakashan
_c1977
300 _a138p p.
942 _cBK
999 _c182416
_d182416